Balfour holds top spot (Record no. 79041)
[ view plain ]
| 000 -LEADER | |
|---|---|
| fixed length control field | 00872cab a22001935a 4500 |
| 001 - CONTROL NUMBER | |
| control field | L139290 |
| 008 - FIXED-LENGTH DATA ELEMENTS--GENERAL INFORMATION | |
| fixed length control field | 070724e20070719xxk f 000 0 eng d |
| 035 ## - SYSTEM CONTROL NUMBER | |
| System control number | (Sirsi) u139290 |
| 041 0# - LANGUAGE CODE | |
| Language code of text/sound track or separate title | eng |
| 100 1# - MAIN ENTRY--PERSONAL NAME | |
| Personal name | Menary, Steve |
| 245 00 - TITLE STATEMENT | |
| Title | Balfour holds top spot |
| 260 ## - PUBLICATION, DISTRIBUTION, ETC. | |
| Date of publication, distribution, etc. | 2007 |
| 490 #0 - SERIES STATEMENT | |
| Series statement | Construction News |
| Volume/sequential designation | (7027) 19 July 2007, 16-17(2) |
| 520 ## - SUMMARY, ETC. | |
| Summary, etc. | Monthly league compiled by Emap Glenigan showing Davis Langdon heading the quantity surveying table for 12 months to June 2007, with total orders reaching £2 468.4m. Gardiner and Theobald were runners up, with Turner and Townsend in third place. Laing O'Rourke headed the contractor's league for June 2007, although Balfour Beatty remained at the top for the 12 months to June. |
| 590 ## - LOCAL NOTE (RLIN) | |
| Local note | KA |
| 651 #4 - SUBJECT ADDED ENTRY--GEOGRAPHIC NAME | |
| Geographic name | United Kingdom |
| Chronological subdivision | |
| 690 ## - LOCAL SUBJECT ADDED ENTRY--TOPICAL TERM (OCLC, RLIN) | |
| Topical term or geographic name as entry element | BUILT ENVIRONMENT-QUANTITY SURVEYING-QUANTITY SURVEYORS |
| 942 ## - ADDED ENTRY ELEMENTS (KOHA) | |
| Suppress in OPAC | 0 |
| Withdrawn status | Lost status | Source of classification or shelving scheme | Damaged status | Not for loan | Home library | Current library | Shelving location | Date acquired | Total Checkouts | Full call number | Barcode | Date last seen | Copy number | Price effective from | Koha item type |
|---|---|---|---|---|---|---|---|---|---|---|---|---|---|---|---|
| Dewey Decimal Classification | London | London | Journal article | 24/07/2007 | L139290 | 139290-1001 | 06/08/2019 | 1 | 06/08/2019 | Journal article |